TV Shows Abroad (1990s) Quiz Stats

Quiz Updated May 9, 2016

Challenge
Share
Tweet
Embed
Score 0/16 Timer 03:00
6 Plays Today
% Correct
Blossom
93%
Dr. Quinn, Medicine Woman
90.8%
Northern Exposure
89.1%
Frasier
88.1%
NYPD Blue
85.1%
Home Improvement
82.6%
3rd Rock from the Sun
74.4%
The X-Files
72.8%
% Correct
The Fresh Prince of Bel-Air
68.9%
Party of Five
64%
Family Matters
60.7%
My So-Called Life
60.2%
ER
54.9%
Boy Meets World
52.7%
Saved by the Bell
33%
Beverly Hills, 90210
20%

You're not logged in!

Compare scores with friends on all Sporcle quizzes.
Sign Up with Email
OR
Log In

You Might Also Like...

Show Comments

Extras

Top Quizzes Today


Score Distribution

Your Account Isn't Verified!

In order to create a playlist on Sporcle, you need to verify the email address you used during registration. Go to your Sporcle Settings to finish the process.

Report this User

Report this user for behavior that violates our Community Guidelines.

Details: